| 000 -CABECERA |
| fixed length control field |
02894nam a22003617a 4500 |
| 003 - IDENTIFICADOR DEL NÚMERO DE CONTROL |
| control field |
AR-CdUCM |
| 008 - DATOS DE LONGITUD FIJA--INFORMACIÓN GENERAL |
| fixed length control field |
190425b ||||| |||| 00| 0 spa d |
| 040 ## - FUENTE DE LA CATALOGACIÓN |
| Agencia/entidad que catalogó originalmente la obra |
MUNICIPALIDAD PROVINCIAL DEL CUSCO |
| Entidad que transcribió la catalogación |
BIBLIOTECA MUNICIPAL DEL CUSCO |
| 082 ## - NÚMERO DE LA CLASIFICACIÓN DECIMAL DEWEY |
| No. de Clasificación |
Andes/N°3/1999 |
| 110 ## - ENTRADA PRINCIPAL--NOMBRE DE ENTIDAD CORPORATIVA |
| Nombre de la institución, jurisdicción como entrada principal |
Universidad Nacional de San Antonio Abad del Cusco |
| 9 (RLIN) |
15942 |
| 245 ## - MENCIÓN DE TÍTULO |
| Título |
Andes : |
| Resto del título |
Revista de Ciencias Sociales / |
| Mención de responsabilidad |
Facultad de Ciencias Sociales |
| 260 ## - PUBLICACIÓN, DISTRIBUCIÓN, ETC. |
| Lugar de publicación, distribución, etc. |
Cusco. |
| Nombre de la editorial, distribuidor, etc. |
Universitaria, |
| Fecha de publicación, distribución, etc. |
1999. |
| 300 ## - DESCRIPCIÓN FÍSICA |
| Nº de Páginas Extensión |
299 páginas. : |
| Otros detalles físicos |
Ilustraciones ; |
| Dimensiones |
21 cm. |
| 440 ## - MENCIÓN DE SERIE/PUNTO DE ACCESO ADICIONAL--TÍTULO |
| Título |
Andes Revista Semestre de la Facultad de Ciencias |
| Número de la parte/sección de una obra |
N° 3.1999 |
| 9 (RLIN) |
47069 |
| 505 ## - NOTA DE CONTENIDO CON FORMATO |
| Nota de contenido formateada |
Contenido: Pumacahua y su participación en la revolución de 1814. Víctor Aguilar Callo. -- El costo social y económico de la revolución Tupacamarista en el altiplano. Otilia Quiñones Meza. -- Formación del capital industrial en el Cusco el caso textil urbano 1915-1928. Luis Froylan Medina Suyo. -- Conflictos y relaciones sociales con ocasión del cobro de diezmos en el Cusco Siglo XVIII. Margareth Najarro Espinoza. -- Usno, Sukankas y calendario Inka. Aurelio Carmona Cruz. -- El Corpus Christi frente al pensamiento andino. Jorge Escobar Medrano. -- Algunos aspectos generales de la sexualidad en la tercera edad. Rina Cornejo Muñoz. Olimpia Torres Castillo. -- El mundo de las almas una interpretación sobre el orden y el caos. Jesús Washington Rozas Álvarez. -- María del Carmen Calderón García. -- La danza del Awqa Chileno de Urcos. José Canal Carhuarupay. -- La fiesta de la Virgen del Rosario en Huallhua. Juan V. Tuero Villa. -- Turismo e incanismo en el Cusco. Jorge Flores Ochoa. Pierre L. Van den Berghe. -- Machupijchu retos en la gestión del santuario histórico. Oscar Paredes Pando. -- Defensa y conservación del patrimonio monumental del Cusco. Raymundo Béjar Navarro. -- Las excavaciones de Pikillacta realizadas en los sectores 4C, 4D, y canal A. Alfredo Valencia Zegarra. -- Filósofos cusqueños del siglo XX. Néstor Bustos Silva. -- Condicionamiento sociocultural del pensamiento cognición en la realidad andina. Gustavo Valdivia Rivera. -- Imasmari Imasmari Lógica y Psicología de la adivinanza. Gustavo Valdivia Rivera. Hilda Acurio Mora. |
| 650 ## - PUNTO DE ACCESO ADICIONAL DE MATERIA--TÉRMINO DE MATERIA |
| Descriptor |
Historia del Cusco |
| 9 (RLIN) |
1714 |
| 650 ## - PUNTO DE ACCESO ADICIONAL DE MATERIA--TÉRMINO DE MATERIA |
| Descriptor |
Arqueología del Cusco |
| 9 (RLIN) |
44311 |
| 650 ## - PUNTO DE ACCESO ADICIONAL DE MATERIA--TÉRMINO DE MATERIA |
| Descriptor |
Antropología del Cusco |
| 9 (RLIN) |
47059 |
| 650 ## - PUNTO DE ACCESO ADICIONAL DE MATERIA--TÉRMINO DE MATERIA |
| Descriptor |
Psicología |
| 9 (RLIN) |
1538 |
| 650 ## - PUNTO DE ACCESO ADICIONAL DE MATERIA--TÉRMINO DE MATERIA |
| Descriptor |
Filosofía |
| 9 (RLIN) |
395 |
| 650 ## - PUNTO DE ACCESO ADICIONAL DE MATERIA--TÉRMINO DE MATERIA |
| Descriptor |
Movimientos sociales |
| 9 (RLIN) |
1450 |
| 650 ## - PUNTO DE ACCESO ADICIONAL DE MATERIA--TÉRMINO DE MATERIA |
| Descriptor |
Antropología social |
| 9 (RLIN) |
38406 |
| 650 ## - PUNTO DE ACCESO ADICIONAL DE MATERIA--TÉRMINO DE MATERIA |
| Descriptor |
Patrimonio cultural |
| 9 (RLIN) |
3805 |
| 700 ## - PUNTO DE ACCESO ADICIONAL--NOMBRE DE PERSONA |
| Nombre Personal |
Valdivia Rivera, Gustavo |
| 9 (RLIN) |
12923 |
| 700 ## - PUNTO DE ACCESO ADICIONAL--NOMBRE DE PERSONA |
| Nombre Personal |
Aguilar Callo, Víctor |
| 9 (RLIN) |
47070 |
| 700 ## - PUNTO DE ACCESO ADICIONAL--NOMBRE DE PERSONA |
| Nombre Personal |
Quiñones Meza, Otilia |
| 9 (RLIN) |
47071 |
| 700 ## - PUNTO DE ACCESO ADICIONAL--NOMBRE DE PERSONA |
| Nombre Personal |
Medina Suyo, Luis |
| 9 (RLIN) |
46683 |
| 700 ## - PUNTO DE ACCESO ADICIONAL--NOMBRE DE PERSONA |
| Nombre Personal |
Valencia Zegarra, Alfredo |
| 9 (RLIN) |
18086 |
| 700 ## - PUNTO DE ACCESO ADICIONAL--NOMBRE DE PERSONA |
| Nombre Personal |
Canal Carhuarupay, José |
| 9 (RLIN) |
47072 |
| 700 ## - PUNTO DE ACCESO ADICIONAL--NOMBRE DE PERSONA |
| Nombre Personal |
Escobar Medrano, Jorge |
| 9 (RLIN) |
47073 |
| 942 ## - ELEMENTOS DE PUNTO DE ACCESO ADICIONAL (KOHA) |
| Fuente de clasificación |
|
| Tipo de item |
Revistas cusqueñas |
| 945 ## - PROCESAMIENTO DE INFORMACIÓN LOCAL (OCLC) |
| Catalogador |
rac |